000 00305nam a2200121Ia 4500
008 220204s9999 xx 000 0 und d
082 _a681.31MOD
_bRAT
100 _aRathbone, Tina
245 0 _aModems for dummies
250 _aEd.2
260 _aNew Delhi
_bComdex Computer Publishing
_c1995
942 _cBK
999 _c40997
_d40997